Pro D2, clubs de la saison 2025-2026. - Statistiques

Statistiques générales
  • Ce quiz a été pris 119 fois
  • Le résultat moyen est 13 sur 16
Statistiques - réponses
Classement saison 2025 Clubs % Correct
14e (Top 14) RC Vannes
95%
2e FC Grenoble
94%
9e Biarritz olympique
89%
3e CA Brive
87%
4e Provence Rugby
83%
13e Stade montois
82%
11e US Dax
80%
1er (Nationale) US Carcassonne
80%
7e AS Béziers
77%
6e Soyaux Angoulême XV
72%
5e US Colomiers
71%
15e Stade aurillacois
69%
10e USO Nevers
69%
8e Valence Romans DR
69%
14e SU Agen
67%
12e US Oyonnax
67%
Aucun quiz correspondant
Distribution des résultats
% des personnes avec chaque résultat
Percentile par nombre de réponses
Votre historique - résultats
Vous n’avez pas pris ce quiz